| 000 | 00362nam a2200145Ia 4500 | ||
|---|---|---|---|
| 008 | 150201s2009 xx 000 0 und d | ||
| 082 |
_a614.44 _bP09P |
||
| 100 | _aPARK,K | ||
| 245 | _aPARK'S TB OF PREVENTIVE & SOCIAL MEDICINE | ||
| 250 | _a20TH | ||
| 260 |
_bBANARSIDAS _aJABALPUR _c2009 |
||
| 300 | _a1-832 | ||
| 650 | _aCOMMUNITY MEDICINE | ||
| 942 |
_2ddc _cBK _06 |
||
| 999 |
_c548 _d548 |
||